000 01510nam a22002535a 4500
003 OSt
005 20170313113049.0
008 160922s2011 ua frb 000 0 ara d
015 _22011 / 19451
020 _a9789770468725
040 _aEG-ScBUE
_bara
_cEG-ScBUE
_dEG-ScBUE
082 0 4 _a346.048
_bز م ز
_222
100 1 _aزمزم، عبد المنعم.
245 1 2 _aالحماية الدولية للملكية الفكرية :
_bدراسة في إنفاذ القانون الدولي الخاص المادي الجديد للملكية الفكرية /
_cعبد المنعم زمزم.
260 _aالقاهرة :
_bدار النهضه العربية،
_c2011.
300 _a303 ص. ؛
_c24 سم.
504 _aيشتمل على إرجاعات ببليوجرافية.
505 0 _aالحقوق القابلة للحماية : الملكية الفكرية الأدبية والفنية والعلمية - الحقوق المجاورة لحق المؤلف - الملكية الفكرية الصناعية ... - خاتمة : القانون الدولي الخاص المادي الجديد للملكية الفكرية ليس خصومة تعويض وإنما خصومة لإنقاذ قواعده في التشريعات الداخلية للدول بغية توحيدها.
650 7 _aحقوق التأليف والنشر (قانون دولي)
_2BUEsh
650 7 _aبراءات الاختراع (قانون دولي)
_2BUEsh
651 _2BUEsh
653 _bLLAAWW
_cMarch2017
942 _2ddc
999 _c24391
_d24363